000 00817nam a22001937a 4500
999 _c371360
_d371360
008 201127b ||||| |||| 00| 0 eng d
040 _aDE-2950
_bger
_cDE-2950
_erda
041 _ager
245 _a„Baumeister" der jungen Viadrina verstorben.
_bNachruf: Karl Josef Schmücker war von 1991 bis 1994 Kanzler an Frankfurts neu gegründeter Alma Mater. /.
_cred
264 _c2022
653 _aFrankfurt (Oder)
653 _aUniversität Viadrina
653 _aSchmücker, Karl Josef, 1934 - 2021 | [Gründungskanzler der EUV Frankfurt (Oder), Universität Bochum]
773 _dFrankfurt (Oder) Märkisches Verlags- und Druckhaus GmbH & Co KG
_tMärkische Oderzeitung
_g33. Jahrgang (2022) Nr. 18 vom 22./23.01.2022, S. 17
942 _cA